| 000 | 01189nam a2200289 i 4500 | ||
|---|---|---|---|
| 001 | bg | ||
| 245 | 0 | 0 |
_aProblemy aktywnej ochrony ekosystemów wodnych i torfowiskowych w polskich parkach narodowych / _cpod red. Stanisława Radwana i Ryszarda Kornijowa. |
| 260 |
_aLublin : _bWydaw. Uniwersytetu Marii Curie-Skłodowskiej, _c1999. |
||
| 300 |
_a291 s. : _bil., mapy ; _c24 cm. |
||
| 500 | _aMater. międzynarodowej konferencji, Okuninka 8-9 października 1999 r. - Tekst częśc. tł. z białorus. - Streszcz. ang. przy pracach. - Wstęp także ang. | ||
| 504 | _aBibliogr. przy pracach. | ||
| 650 | 9 |
_aBagna _xekologia _zPolska |
|
| 650 | 9 |
_aRezerwaty i parki narodowe _xekologia _zPolska |
|
| 650 | 9 |
_aRezerwaty i parki narodowe _xhydrologia _zPolska |
|
| 650 | 9 |
_aTorfowisko _xekologia _zPolska |
|
| 650 | 9 |
_aWody śródlądowe _xekologia _zPolska |
|
| 655 | _aMateriały konferencyjne | ||
| 700 | 1 |
_aRADWAN, Stanisław. _eRed. |
|
| 700 | 1 |
_aKORNIJÓW, Ryszard. _eRed. |
|
| 020 | _a8322715048 | ||
| 040 | _cBPK | ||
| 041 | 1 |
_apoleng _beng _hbel |
|
| 080 | _a502.6:504.7:574.5](438)(061) | ||
| 920 | _a83-227-1504-8 | ||
| 942 | _cKS | ||
| 008 | s pl f |000 0 pol | ||
| 999 |
_c37518 _d37518 |
||
| 856 |
_uhttp://koha.tu.koszalin.pl/cgi-bin/koha/opac-detail.pl?biblionumber=37518 _yKatalog online BPK |
||